Leviatan : (Registro nro. 17888)

Detalles MARC
000 -LEADER
fixed length control field 01248nam a2200313 4500
001 - CONTROL NUMBER
control field 0000015479
003 - CONTROL NUMBER IDENTIFIER
control field CO-CtgCURN
005 - DATE AND TIME OF LATEST TRANSACTION
control field 20250506154221.0
007 - PHYSICAL DESCRIPTION FIXED FIELD--GENERAL INFORMATION
fixed length control field ta
008 - FIXED-LENGTH DATA ELEMENTS--GENERAL INFORMATION
fixed length control field 160627s1994 000 0 eng d
020 ## - INTERNATIONAL STANDARD BOOK NUMBER
International Standard Book Number 8448701623
040 ## - CATALOGING SOURCE
Original cataloging agency CO-CtgCURN
Language of cataloging spa
Transcribing agency coctgcurn
082 0# - DEWEY DECIMAL CLASSIFICATION NUMBER
Classification number 320.15
Item number H61L
100 1# - MAIN ENTRY--PERSONAL NAME
Personal name Hobbes, Thomas.
245 10 - TITLE STATEMENT
Title Leviatan :
Remainder of title Parte (II) /
Statement of responsibility, etc. Thomas Hobbes , Traducción, prologo y notas carlos Mellizo.
260 ## - PUBLICATION, DISTRIBUTION, ETC.
Place of publication, distribution, etc. Barcelona :
Name of publisher, distributor, etc. Ediciones Altaya,
Date of publication, distribution, etc. 1994.
300 ## - PHYSICAL DESCRIPTION
Extent 550 p.
336 ## - CONTENT TYPE
Source rdacontent
337 ## - MEDIA TYPE
Source rdamedia
Media type term sin mediacion
Media type code n
338 ## - CARRIER TYPE
Source rdacarrier
Carrier type term volumen
Carrier type code nc
490 1# - SERIES STATEMENT
Series statement Grandes obras del pensamiento ;
Volume/sequential designation 43
500 ## - GENERAL NOTE
General note Incluye Repaso y conclusion\Titulo original. : Leviathan : Or the Matter, From and Power of a Commonwealth Ecclesiastical and civil.
505 8# - FORMATTED CONTENTS NOTE
Formatted contents note De un estado cristiano.--De los principios de la política cristiana.--Del significado de reino de Dios santo, sagrado y sacramento en la escritura.--De la palabra de Dios y los profetas
650 14 - SUBJECT ADDED ENTRY--TOPICAL TERM
Topical term or geographic name entry element Ciencia política
Form subdivision Teorias.
700 1# - ADDED ENTRY--PERSONAL NAME
Personal name Mellizo, Carlos., tr.
908 ## - PUT COMMAND PARAMETER (RLIN)
Put command parameter 160627
942 ## - ADDED ENTRY ELEMENTS (KOHA)
Koha item type Libros
Classification part 320.15
Item part H61L
Source of classification or shelving scheme Dewey Decimal Classification
Suppress in OPAC No
Existencias
Withdrawn status Lost status Source of classification or shelving scheme Damaged status Not for loan Collection Home library Current library Shelving location Date acquired Inventory number Total checkouts Full call number Barcode Date last seen Price effective from Koha item type Public note
    Dewey Decimal Classification     General Miguel Henríquez Castañeda Miguel Henríquez Castañeda General 03/31/2025 002649   320.15 H61 L 002649 03/31/2025 03/31/2025 Libros 320-CIENPO